El registro de la luz. El alma de la fotografía.
Salvato in:
| Autore principale: | |
|---|---|
| Natura: | Libro |
| Pubblicazione: |
Barcelona, España :
Blume,
2014.
|
| Edizione: | Primera edición. |
| Soggetti: | |
| Tags: |
Aggiungi Tag
Nessun Tag, puoi essere il primo ad aggiungerne!!
|
MARC
| LEADER | 00000nam a22000007a 4500 | ||
|---|---|---|---|
| 003 | CL-VaPUC | ||
| 005 | 20250407202436.0 | ||
| 008 | 250305t2014 ||||| |||| 00| 0 eng d | ||
| 999 | |c 447117 |d 447115 | ||
| 020 | |a 978-84-15317-92-0 | ||
| 040 | |c Pontificia Universidad Católica de Valparaíso | ||
| 082 | 7 | |2 22 |a 778.7 FRE 2014 | |
| 100 | 1 | |a Freeman, Michael |e autor |9 896334 | |
| 245 | |a El registro de la luz. |b El alma de la fotografía. | ||
| 250 | |a Primera edición. | ||
| 260 | |a Barcelona, España : |b Blume, |c 2014. | ||
| 300 | |a 256 páginas : |b ilustraciones. | ||
| 500 | |a c.1.-c.7. Instituto Arcos 8-1-2025. | ||
| 583 | |c 20250305 |k GC | ||
| 650 | |a Fotografía |x Iluminación |9 896335 | ||
| 650 | |a Fotografía |x Técnicas digitales |9 896336 | ||
| 942 | |2 ddc |c BK |n 0 | ||
| 952 | |0 0 |1 0 |2 ddc |4 0 |6 778_700000000000000_FRE_2014 |7 0 |8 A |9 600590 |a BIBINC |b BIBINC |d 2025-01-08 |e Instituto Arcos |i 5665522 |o 778.7 FRE 2014 |p 5665522 |r 2025-03-05 |t 1 |w 2025-03-05 |y BK |k IFP | ||
| 952 | |0 0 |1 0 |2 ddc |4 0 |6 778_700000000000000_FRE_2014 |7 0 |8 A |9 600591 |a BIBINC |b BIBINC |d 2025-01-08 |e Instituto Arcos |i 5665523 |o 778.7 FRE 2014 |p 5665523 |r 2025-03-05 |t 2 |w 2025-03-05 |y BK |k IFP | ||
| 952 | |0 0 |1 0 |2 ddc |4 0 |6 778_700000000000000_FRE_2014 |7 0 |8 A |9 600592 |a BIBINC |b BIBINC |d 2025-01-08 |e Instituto Arcos |i 5665524 |o 778.7 FRE 2014 |p 5665524 |r 2025-03-05 |t 3 |w 2025-03-05 |y BK |k IFP | ||
| 952 | |0 0 |1 0 |2 ddc |4 0 |6 778_700000000000000_FRE_2014 |7 0 |8 A |9 600593 |a BIBINC |b BIBINC |d 2025-01-08 |e Instituto Arcos |i 5665525 |o 778.7 FRE 2014 |p 5665525 |r 2025-03-05 |t 4 |w 2025-03-05 |y BK |k IFP | ||
| 952 | |0 0 |1 0 |2 ddc |4 0 |6 778_700000000000000_FRE_2014 |7 0 |8 A |9 600594 |a BIBINC |b BIBINC |d 2025-01-08 |e Instituto Arcos |i 5665526 |o 778.7 FRE 2014 |p 5665526 |r 2025-03-05 |t 5 |w 2025-03-05 |y BK |k IFP | ||
| 952 | |0 0 |1 0 |2 ddc |4 0 |6 778_700000000000000_FRE_2014 |7 0 |8 A |9 601070 |a BIBINC |b BIBINC |d 2025-01-08 |e Instituto Arcos |i 5665922 |o 778.7 FRE 2014 |p 5665922 |r 2025-03-12 |t 6 |w 2025-03-05 |y BK |k IFP | ||
| 952 | |0 0 |1 0 |2 ddc |4 0 |6 778_700000000000000_FRE_2014 |7 0 |8 A |9 601354 |a BIBINC |b BIBINC |d 2025-03-17 |e Instituto Arcos |i 5666227 |o 778.7 FRE 2014 |p 5666227 |r 2025-03-17 |t 7 |w 2025-03-05 |y BK |k IFP | ||